00689nam a22002297a 450000500170000001000250001702000260004203500230006803700090009103700130010008200110011310000220012424500540014624600280020026000440022827000770027230000230034965000170037265000160038965000280040565000260043320171101162624.0 aG-001251 ENG-120969 a9788190461603c495.00 aG-001251 EN-104501 bGift bDBAD/PUB a909.09 aMunjall, Praduman aSeven wonders of the world /cby Praduman Munjaal a7 wonders of the world  aPanchkula :bSwastik Prakashan, c2008. aSCO 43, Ist Floor, Swastik Vihar, MDC, bPanchkulae134112k0172-2593612 a236 p.c24 cm (Hb) aArchitecture aEngineering aCuriosities and wonders aArchaeology, Medieval